Diseño y validación de procedimientos de calibración de instrumentos y patrones de trabajo
Guardado en:
| Hovedforfatter: | |
|---|---|
| Andre forfattere: | , , |
| Format: | Bog |
| Sprog: | Spanish |
| Udgivet: |
[San José, Costa Rica] : Universidad de Costa Rica, [Facultad de Ingeniería], Instituto de Investigaciones en Ingeniería, Laboratorio de Metrología, Normalización y Calidad
2009
|
| Tags: |
Tilføj Tag
Ingen Tags, Vær først til at tagge denne postø!
|
MARC
| LEADER | 00000nam a2200000Ia 4500 | ||
|---|---|---|---|
| 003 | PI0179 | ||
| 005 | 20240528135548.0 | ||
| 008 | 140114s2009 cr a 000 ||spa d | ||
| 040 | |c cru CEDI | ||
| 100 | |a Solano Sánchez, Paula, 1976- |9 2216 | ||
| 245 | |a Diseño y validación de procedimientos de calibración de instrumentos y patrones de trabajo | ||
| 260 | |a [San José, Costa Rica] : Universidad de Costa Rica, [Facultad de Ingeniería], Instituto de Investigaciones en Ingeniería, Laboratorio de Metrología, Normalización y Calidad |c 2009 | ||
| 500 | |a Informe Final No. 731-A5-144 | ||
| 700 | |a Sanabria Sandí, Raziel Farid, 1979- |9 3076 | ||
| 700 | |a De Lemos Medina, Leonora, 1977- |9 3000 | ||
| 700 | |a Fernández López, Alejandro |9 3077 | ||
| 942 | |c PI |h PI-179 |i PI0179 |6 PI_179_PI0179 | ||
| 999 | |c 12640 |d 12640 | ||
